000 00294nam a22001457a 4500
020 _a9789380358550
041 _aENG
100 _aBhatt.N.D
245 _aEngineering Drawing
250 _aFifty ed
260 _aGujarat
_bChasataas PUB
_c1993
300 _a708
650 _aFMP
856 _uFMP
999 _c261
_d261